Sistemas de inversiones públicas : actualizaciones y reglamentaciones /

Guardado en:
Autor Principal: Las Heras, José María.
Formato: Libro
Idioma:Spanish
Publicado: Buenos Aires : Osmar D. Buyatti, 2012.
Series:Digesto de normas da administración financiera del sector público ; 2.
Materias:
Etiquetas: Agregar Etiqueta
Sin Etiquetas, Sea el primero en etiquetar este registro!
LEADER 00975nam a22002295a 4500
001 EAD.ead004707
008 231110s2012####ag############000#0#spa#d
005 20231110125107.0
245 1 0 |a Sistemas de inversiones públicas :  |b actualizaciones y reglamentaciones /  |c José María Las Heras. 
260 |a Buenos Aires :  |b Osmar D. Buyatti,  |c 2012. 
300 |a 92 p. ;  |c 23 cm. 
490 1 |a Digesto de normas da administración financiera del sector público ;  |v 4 
500 |a Incluye anexos de legislación. 
504 |a Incluye referencias bibliográficas. 
020 |a 9789871577859 
100 1 |a Las Heras, José María. 
830 0 |a Digesto de normas da administración financiera del sector público ;  |v 2. 
082 0 4 |a 657.6  |2 21 
650 7 |a Inversiones públicas.  |2 unbist 
650 7 |a Administración pública.  |2 unbist 
859 |a AR-BaBDC  |b BIB. ADMINISTRACION - Libros  |h 657.6  |i L334-6  |p b07374 
859 |a AR-BaBDC  |b BIB. ADMINISTRACION - Libros  |h 657.6  |i L334-6  |p b07375  |t Ej. 2